00480nam a22001457a 450000500170000002000250001703700250004210000230006724500940009026000440018427000410022830000290026949000200029870000160031820111212152252.0 a9788121938310c99.00 bS. Chand Publishing  aLincoln, Margaret  aThe most excellent book of face painting /cby Margaret Lincoln; illustrated by Rab Shone aNew Delhi bS. Chand Publishing c2011 a7361, Ram Nagar bNew Delhi e110055 a32p. bill. c24cm(pbk)  aMost excellent  aShone, Rob